Clic Distance entre Paris et... - Europe - - Statistiques

Statistiques générales
  • Ce quiz a été pris 26 fois
  • Le résultat moyen est 4 sur 16
Statistiques - réponses
Hint Réponse % Correct
Bruxelles 260 km
67%
Reykjavik 2750 km
50%
Londres 350 km
39%
Kiev 2000 km
33%
Berne 450 km
33%
La Valette 1800 km
28%
Bucarest 1900 km
28%
Helsinki 2100 km
28%
Lisbonne 1450 hm
22%
Berlin 900 km
22%
Madrid 1050 km
17%
Moscou 2700 km
17%
Dublin 800 km
17%
Vienne 1000 km
11%
Rome 1100 km
11%
Varsovie 1350 km
11%
Aucun quiz correspondant
Distribution des résultats
% des personnes avec chaque résultat
Percentile par nombre de réponses
Votre historique - résultats
Vous n’avez pas pris ce quiz